000
00152nam a22000857a 4500
082
_a
823
100
_a
ENID BLYTON
245
_a
8 O CLOCK TALES
942
_c
BK
999
_c
8506
_d
8506